The sale of goods act, III of 1930 / (Record no. 46630)
[ view plain ]
| 000 -LEADER | |
|---|---|
| fixed length control field | 00845cam a22002891a 4500 |
| 001 - CONTROL NUMBER | |
| control field | 46630 |
| 003 - CONTROL NUMBER IDENTIFIER | |
| rucl marc code | BD-RjUL |
| 005 - DATE AND TIME OF LATEST TRANSACTION | |
| control field | 20211209054200.0 |
| 008 - FIXED-LENGTH DATA ELEMENTS--GENERAL INFORMATION | |
| fixed length control field | 160803s1965 ii 000 0 eng |
| 035 ## - SYSTEM CONTROL NUMBER | |
| System control number | (BD-RjUL)46749 |
| System control number | (OCoLC)31269196 |
| 040 ## - CATALOGING SOURCE | |
| Original cataloging agency | DLC |
| Transcribing agency | NcD-L |
| Modifying agency | DLC |
| Language of cataloging | eng |
| 041 ## - LANGUAGE CODE | |
| Language code of text/sound track or separate title | eng |
| 082 ## - DEWEY DECIMAL CLASSIFICATION NUMBER | |
| Edition number | 23 |
| Classification number | 381. 0954 |
| Author mark and year | CHS 1965 |
| 100 ## - MAIN ENTRY--PERSONAL NAME | |
| Personal name | Choudhry, A.M. |
| 9 (RLIN) | 142187 |
| 110 1# - MAIN ENTRY--CORPORATE NAME | |
| Corporate name or jurisdiction name as entry element | India. |
| 9 (RLIN) | 142206 |
| 245 14 - TITLE STATEMENT | |
| Title | The sale of goods act, III of 1930 / |
| Statement of responsibility, etc. | A.M.Choudhry |
| 250 ## - EDITION STATEMENT | |
| Edition statement | 5th edi. |
| 260 ## - PUBLICATION, DISTRIBUTION, ETC. (IMPRINT) | |
| Place of publication, distribution, etc. | Delhi : |
| Name of publisher, distributor, etc. | Metropolitan Book Co., |
| Date of publication, distribution, etc. | 1965. |
| 300 ## - PHYSICAL DESCRIPTION | |
| Pagination | 86 p. ; |
| Size | 25 cm. |
| 650 #0 - SUBJECT ADDED ENTRY--TOPICAL TERM | |
| Topical term or geographic name as entry element | Sales |
| Geographic subdivision | India. |
| 9 (RLIN) | 142137 |
| 700 1# - ADDED ENTRY--PERSONAL NAME | |
| Personal name | Aggarawala, Om Prakash, |
| Dates associated with a name | 1905- |
| 942 ## - ADDED ENTRY ELEMENTS (KOHA) | |
| Source of classification or shelving scheme | Dewey Decimal Classification |
| Koha item type | Books |
| Lost status | Source of classification or shelving scheme | Damaged status | Not for loan | Collection code | Permanent Location | Current Location | Shelving location | Date acquired | Source of acquisition | Cost, normal purchase price | Total Checkouts | Full call number | Date last seen | Copy number | Koha item type |
|---|---|---|---|---|---|---|---|---|---|---|---|---|---|---|---|
| Dewey Decimal Classification | Non-fiction | Central Library, University of Rajshahi | Central Library, University of Rajshahi | 22/02/1967 | pak law house | 4.00 | 381.0954 CHS 1965 | 03/08/2016 | C-2 | Books | |||||
| Dewey Decimal Classification | Non-fiction | Central Library, University of Rajshahi | Central Library, University of Rajshahi | 22/02/1967 | pak law house | 4.00 | 381.0954 CHS 1965 | 03/08/2016 | C-3 | Books | |||||
| Dewey Decimal Classification | Non-fiction | Central Library, University of Rajshahi | Central Library, University of Rajshahi | 22/02/1967 | pak law house | 4.00 | 381.0954 CHS 1965 | 03/08/2016 | C-4 | Books | |||||
| Dewey Decimal Classification | Non-fiction | Central Library, University of Rajshahi | Central Library, University of Rajshahi | 22/02/1967 | pak law house | 4.00 | 381.0954 CHS 1965 | 03/08/2016 | C-5 | Books | |||||
| Dewey Decimal Classification | Non-fiction | Central Library, University of Rajshahi | Central Library, University of Rajshahi | 22/02/1967 | pak law house | 4.00 | 381.0954 CHS 1965 | 03/08/2016 | C-6 | Books | |||||
| Dewey Decimal Classification | Non-fiction | Central Library, University of Rajshahi | Central Library, University of Rajshahi | 22/02/1967 | pak law house | 4.00 | 381.0954 CHS 1965 | 03/08/2016 | C-7 | Books |